Biblioteca

La oración : (Registro nro. 69431)

Detalles MARC
000 -LÍDER
Campo fijo de descripción fija 01082nab a2200193 i 4500
001 - NÚMERO DE CONTROL
Campo de control 768714001
003 - IDENTIFICADOR DEL NÚMERO DE CONTROL
Campo de control CO-MdFUSB
005 - FECHA Y HORA DE LA ULTIMA TRANSACCIÓN
control field 20240430085343.0
008 - ELEMENTOS DE LONGITUD FIJA -- INFORMACIÓN GENERAL
Campo fijo de descripción fija -- Información general 240429b sp ||||| |||| 00| 0 spa d
040 ## - FUENTE DE CATALOGACIÓN
Idioma de catalogación spa
Agencia que realiza la transcripción CO-MdFUSB
Agencia que realiza la modificación CO-MdFUSB
041 ## - CÓDIGO DE IDIOMA
Código de idioma para texto/pista de sonido o título separado spa
100 ## - ASIENTO PRINCIPAL--NOMBRE PERSONAL
Nombre personal Torres Queiruga, Andrés‪,
Término relacionador autor
245 #3 - TÍTULO
Título La oración :
Subtitulo más allá de la petición
Mención de responsabilidad / Andrés Torres Queiruga
520 ## - NOTA DE RESUMEN, ETC.
Nota de sumario, etc. Este artículo menciona que teológicamente, el argumento busca establecer la unidad interna dentro de la fe en lugar de simplemente disociarla de la oración, al mismo tiempo que se esfuerza por realzar la autenticidad cristiana a través del mejoramiento de su práctica. No nos dice que dejemos de orar, sino que oremos mejor: no menos, sino "más" oración. Y cuestionando la letra del anuncio, simplemente quiere encontrar su espíritu.
650 #7 - ASIENTO SECUNDARIO DE MATERIA - TERMINO TEMÁTICO
Término temático o nombre geográfico como elemento de entrada Oración
9 (RLIN) 86
650 #7 - ASIENTO SECUNDARIO DE MATERIA - TERMINO TEMÁTICO
Término temático o nombre geográfico como elemento de entrada Fe
9 (RLIN) 531
773 0# - ASIENTO DE ITEM FUENTE
Biblionumber 49450
Itemnumber 60405
Otro identificador del ítem R0341
Título Revista internacional de teología Concilium
Número de control del registro (CO-MdFUSB)8
Número Internacional Normalizado para Publicaciones Seriadas (ISSN) 0210-1041
Parte(s) relacionada(s) / Volumen., número. (mes año), páginas Número 314, (febrero, 2006), páginas: 73 - 86
Enumeración y primera página página: 73
942 ## - TIPO DE MATERIAL (KOHA)
Tipo de Item KOHA Artículos de Revista

No hay ítems disponibles.

Biblioteca FUSBC | Teléfono: (57+4) 349 88 10 Ext. 141| WhatsApp (+57) 3005338115 
E-mail: biblioteca@unisbc.edu.co | Calle 76 87-14 Robledo Palenque, Medellín, Colombia

Con tecnología Koha